00425nam a2200133Ia 4500008004100000020001800041041000800059082001500067100005800082245007100140250000600211260006100217300001300278210716s2018 xx 000 0 und d a9780070499331 aeng a658.7 BURD aBurt, David N; Dobler, Donald W; Starling, Stephen L. aWorld class supply management: the key to supply chain management. a7 aNew DelhibTata McGraw Hill Publishing Company Ltdc2018 axlvi,689